000 01303nam0a22003851 4500
001 RU\NLR\A1SV\4678
005 20260225112254.1
035 _a(NLR Aleph) 009690629
090 _a9734487
_c9734487
100 _a19980414d1926 u y0rusy50 ca
101 0 _arus
102 _aRU
200 1 _aМатериалы по народному скотолечению иркутских бурят
_fП.П.Баторов и П.П.Хороших
210 _a[Иркутск]
_cТип. изд. "Власть труда"
_d1926
215 _a13 с.
_d22 см
311 _aОтт. из кн.: Бурятовед. сб. / Бурят-монгол. секция ВСОРГО. 1926. Вып.2. С.50-60
320 _aБиблиогр. в "Примечаниях" (с.13)
620 _dИркутск
700 1 _aБаторов
_bП. П.
_f1850-1927
_gПетр Павлович
701 1 _aХороших
_bП. П.
_f1890-1977
_gПавел Павлович
801 0 _aRU
_bNLR
_c19980414
852 _aNLR
_j40/839
852 _aNLR
_j40/839а
899 _aРГБ
899 _aРКП
899 _aОИАК
899 _aНГОНБ
899 _aБАН
899 _aИОГУНБ
899 _aНБ ТГУ
942 _cBOOK
980 _aNB
980 _aA1SV
980 _aA1SV